| 000 | 00575nam a22002057a 4500 | ||
|---|---|---|---|
| 005 | 20180726164409.0 | ||
| 010 | _aENG-123641 | ||
| 020 |
_a8185990662 _c120.00 |
||
| 035 | _aEN-107173 | ||
| 037 | _bDBAD/PUB | ||
| 082 | _a230.6 | ||
| 100 | _aRam Swarup | ||
| 245 |
_aHindu view of christanity and islam / _cby Ram Swarup |
||
| 250 | _aForth reprint | ||
| 260 |
_aNew Delhi _bVoice of India _c2009 |
||
| 270 |
_a2/18, Ansari Road, _bNew Delhi _e110002 |
||
| 300 |
_a136p. _c21cm. (pbk) |
||
| 500 | _aIt includes index | ||
| 942 |
_2ddc _cEN _h230.6 _mRAM |
||
| 999 |
_c154903 _d154903 |
||